Luật người khuyết tật
Luật người khuyết tật được Quốc hội nước Cộng hòa xã hội chủ nghĩa Việt Nam khóa XII, kỳ họp thứ 7 thông qua ngày 17 tháng 06 năm 2010, luật có hiệu lực thi hành từ ngày 01-01-2011. Luật gồm 10 chương, 53 điều....
Αποθηκεύτηκε σε:
| Συλλογικό Έργο: | , |
|---|---|
| Μορφή: | Βιβλίο |
| Γλώσσα: | Undetermined |
| Έκδοση: |
Hà Nội
Chính trị quốc gia
2010
|
| Θέματα: | |
| Ετικέτες: |
Προσθήκη ετικέτας
Δεν υπάρχουν, Καταχωρήστε ετικέτα πρώτοι!
|
| Thư viện lưu trữ: | Trung tâm Học liệu Trường Đại học Cần Thơ |
|---|
| LEADER | 01171nam a2200241Ia 4500 | ||
|---|---|---|---|
| 001 | CTU_159720 | ||
| 008 | 210402s9999 xx 000 0 und d | ||
| 020 | |c 8000 | ||
| 082 | |a 346.597013 | ||
| 082 | |b V308 | ||
| 110 | |a Việt Nam (Cộng hoà xã hội chủ nghĩa) | ||
| 110 | |b Quốc hội | ||
| 245 | 0 | |a Luật người khuyết tật | |
| 245 | 0 | |c Việt Nam (Cộng hoà xã hội chủ nghĩa). Quốc hội | |
| 260 | |a Hà Nội | ||
| 260 | |b Chính trị quốc gia | ||
| 260 | |c 2010 | ||
| 520 | |a Luật người khuyết tật được Quốc hội nước Cộng hòa xã hội chủ nghĩa Việt Nam khóa XII, kỳ họp thứ 7 thông qua ngày 17 tháng 06 năm 2010, luật có hiệu lực thi hành từ ngày 01-01-2011. Luật gồm 10 chương, 53 điều. | ||
| 650 | |a People with disabilities,Người khuyết tật | ||
| 650 | |x Legal status, laws, etc.,Tình trạng pháp lý, pháp luật, vv | ||
| 650 | |z Vietnam,Việt Nam | ||
| 904 | |i Trọng Hải | ||
| 980 | |a Trung tâm Học liệu Trường Đại học Cần Thơ | ||